000 02719nam a22003017a 4500
001 267
003 OSt
005 20250528074016.0
008 250313b |||||||j |||| 00| f eng d
020 _a9786555981865
040 _bpor
_ceng
041 _apor
_heng
082 _a813
_bB199g
100 _aBambara, Toni Cade
_d1939-1995
_9500
240 _aGorilla, My Love
245 _aGorila
_bMeu amor /
_cBambara, Toni Cade ; tradução Nina Rizzi
260 _aRio de Janeiro
_bDarkSide
_c2022
300 _a187 p.
520 _aUma mãe acuada pelos filhos em uma festa. A garota mais veloz do bairro se preparando para uma corrida. Uma aniversariante solitária perambulando pelo bairro sem que ninguém a parabenize. E uma menina indignada no cinema, pois entrou para assistir a um filme chamado Gorila, Meu Amor, mas os adultos mais uma vez faltaram com a palavra e exibiram um filme bem diferente... Essas são apenas algumas cenas inesquecíveis de Gorila, Meu Amor, antologia de quinze contos que marca a estreia da romancista Toni Cade Bambara na marca DarkLove, que celebra as autoras mais inovadoras e audazes da literatura mundial. Publicado originalmente em 1972, em meio às transformações sociais, políticas e culturais que marcaram as décadas de 1960 e 1970 nos Estados Unidos, Gorila, Meu Amor nos convida a uma poderosa experiência de leitura. Um dos nomes mais consagrados e influentes do Black Arts Movement, Bambara nos transporta para o coração de vivências negras singulares, esmiuçando com audácia, sensibilidade e ironia os contrastes brutais de uma sociedade em colapso. Homens e mulheres, adultos e crianças, ricos e pobres. Intercalando entre a vida metropolitana em Nova York e o cotidiano rural na Carolina do Norte – em que os próprios lugares são personagens marcantes das histórias –, o livro consolidou Bambara como uma autora excepcional, cuja narrativa lírica e divertida, marcada por forte oralidade, captura recortes de vidas incompreendidas e invisibilizadas e explora o que realmente significa ser mulher. Com protagonistas afiadas e corajosas, a autora dá voz à potência do feminismo negro e nos desafia a encarar as contradições de uma nação presunçosa, intolerante e perdida em suas próprias promessas. Visceral, autêntico e poderoso, Gorila, Meu Amor é uma reflexão sobre as mentiras que nos contam, as verdades que nos escondem e a coragem para acreditarmos em quem realmente somos.
650 0 _aLiteratura Americana
_984
650 0 _aSuspense
_910
650 0 _aAmor-próprio
_9499
650 0 _aAventura
_947
655 0 _aRomance
_923
655 0 _aFicção
_922
700 _aNina Rizzi
_eTRADUTORA
_9501
942 _2ddc
_cBK
_n0
999 _c267
_d267